Statistics for Fictional Characters by Letter - A

Click here to take the quiz!

General Stats

  • This quiz has been taken 30,941 times
  • The average score is 12 of 20

Answer Stats

Hint Character % Correct
She went down the rabbit holeAlice
99%
Found a magic lampAladdin
95%
"Little Mermaid" protagonistAriel
82%
Became Darth VaderAnakin Skywalker
74%
Hogwarts headmasterAlbus Dumbledore
74%
He's a pet detectiveAce Ventura
72%
Brother of Simon & TheodoreAlvin
69%
Paris shot him in the heelAchilles
67%
Great lion of NarniaAslan
67%
The monkey in the Disney movie
about the above
Abu
61%
"To Kill a Mockingbird" lawyerAtticus Finch
58%
International Man of MysteryAustin Powers
54%
Kwik-E-Mart ownerApu Nahasapeemapetilon
54%
Greek god of the SunApollo
52%
Pokémon trainer extraordinaireAsh Ketchum
52%
Also known as StriderAragorn
40%
Shawshank escapeeAndy Dufresne
32%
Hitchhiked across the galaxyArthur Dent
29%
"All in the Family" dadArchie Bunker
29%
"Our Gang" character with a
perpetual cowlick
Alfalfa
28%

Score Distribution

Percentile by Number Answered

Percent of People with Each Score

Your Score History

You have not taken this quiz